000 01798nam a2200349 a 4500
005 20060223040130.0
008 050215s2005 ii a b 101 0 eng
010 _aENG-91984
020 _a8175412283
_c495.00
020 _a978818175412286
_c495.00
035 _aEN-75517
037 _bDBAD / PUB
040 _adpl
_bEnglish
082 _a304.89543
111 _aNational Seminar on Migrations in India and Its Impact on Tribal Societies
_d(2003 :
_cInstitute for Research in Social Science and Humanities)
245 _aMigration in South India /
_cK.S. Mathew, Mahavir Singh [and] Joy Varkey
260 _aDelhi :
_bShipra Publications,
_c2005.
300 _axiv, 242 p. :
_c22 cm (Hb)
500 _a"IRISH, Thalassery and Maulana Abul Kalam Azad Institute of Asian Studies, Kolkata."
500 _aIncludes bibliographical references and index.
520 _aContributed articles presented at the National Seminar on Migrations in India and Its Impact on Tribal Societies organised by Institute for Research in Social Science and Humanities, Thalassery held on Oct. 28-30, 2003.
650 _aMigration, Internal
_zIndia, South
_vCongresses.
650 _aMigrant labor
_zIndia, South
_vCongresses.
_xSocial conditions.
650 _aTribes
_zIndia, South
_vCongresses.
_xSocial conditions.
700 _aMathew, K. S.
700 _aSingh, Mahavir,
700 _aVarkey, Joy.
710 _aInstitute for Research in Social Science and Humanities of MESHAR.
710 _aMaulana Abul Kalam Azad Institute of Asian Studies (Calcutta, India)
942 _2ddc
_cEN
_mMIG
_h304.89543
999 _c19436
_d19436